Pätnásťročné skúsenosti "periférneho" múzea

Bibliographic Details
Main Author: Gašpar, Gregor, 1931-2005 (Author)
Format: Article
Language:Slovak
PhysicalDescription:Obr.
Subjects:

MARC

LEADER 00000nab a2200000 a 4500
001 vtls000383271
003 SK-MaSNL
005 20260305014933.0
008 040806c1990 xo 0 slo
015 |a SNBRB19rr/mm-uuuuu 
035 |a CL0383393 
040 |a SNKBUCL  |b slo  |c SNKBUCL  |e AACR2 
041 0 |a slo 
044 |a xo  |c SK 
080 |a 904:069.51  |2 1981 
080 |a 069.51  |2 1981 
080 |a 069.6.02(1-4)  |2 1981 
100 1 |a Gašpar, Gregor,  |d 1931-2005  |4 aut  |9 131146 
245 1 0 |a Pätnásťročné skúsenosti "periférneho" múzea  |c Gregor Gašpar 
300 |b Obr. 
610 2 7 |a Okresné vlastivedné múzeum (Vranov nad Topľou, Slovensko)  |2 snkbucl  |9 242476 
650 0 7 |a kultúrne pamiatky  |2 snkbucl  |9 2862 
651 7 |a Vranov nad Topľou (Slovensko)  |2 snkbucl  |9 17494 
773 0 |t Východ  |g Roč. 1, č. 115 (18. 5. 1990) 
850 |a Slovenská národná knižnica v Martine  |a MTA001 
852 |a SNK  |b KIS3GCP 
999 |c 3272113  |d 3274043